000 00289nam a22001337a 4500
008 170719b xxu||||| |||| 00| 0 eng d
020 _a2900155015134
041 _aeng
080 _a2
100 _a24
101 _aTEO
245 _aTHE RASHAAYDA BEDOUIN
_cYOUNG, W.C
942 _2udc
_cBK
999 _c21496
_d21496